00474 2200193 4500001002100000005001500021035002000036007000300056008004100059020001800100082001000118084001600128100001700144245004300161260004100204856001700245990000900262990000900271INLIS00000000000080720220907082650 a0010-0922000088ta220907 g 0 ind  a9789792671599 a398.2 a398.2 ANN m0 aAnna Martina1 aMengapa planet tidak menabrak matahari aJakarta :bArmandelta Selaras,c2008 aKoleksi Umum a3662 a3663